Länder der Doppelmonarchie Österreich-Ungarn 1914 - Statistiken

Allgemein
  • Dieses Quiz wurde 173 mal gespielt
  • Das Durchschnittsergebnis liegt bei 12 aus 20
Antwortstatistiken
Bezeichnung Landesname % Korrekt
Königreich Ungarn
96%
Königreich Kroatien und Slawonien
84%
Gefürstete Grafschaft Tirol
84%
Königreich Böhmen
83%
Kondominium Bosnien und Herzegowina
79%
Herzogtum Salzburg
77%
Markgrafschaft Mähren
74%
Herzogtum Kärnten
72%
Herzogtum Steiermark
71%
Erzherzogtum Österreich ob der Enns
69%
Erzherzogtum Österreich unter der Enns
69%
Land Vorarlberg
59%
Königreich Galizien und Lodomerien
52%
Herzogtum Ober- und Niederschlesien
51%
Reichsunmittelbare Stadt Triest mit Gebiet
39%
Königreich Dalmatien
33%
Herzogtum Krain
31%
Markgrafschaft Istrien
26%
Herzogtum Bukowina
20%
Gefürstete Grafschaft Görz und Gradisca
11%
Keine übereinstimmenden Quizze gefunden
Verteilung der Resultate
Anzahl Personen mit jedem Resultat
Perzentil nach korrekt beantworteten Fragen
Ihre Resultats-Entwicklung
Sie haben dieses Quiz noch nicht gespielt